000 00695nab a2200193 4500
001 90031
003 OSt
005 20230512093830.0
007 tu
008 110905s2000|||||||
040 _aDE-2950
_cDE-2950
245 0 0 _aTrotz Krisenhaushalt - Stadt will Reparaturrückstau angehen.
_bFinanzen. Die Verwaltung hat den Haushalt vorgelegt. Ein Schwerpunkt für die Jahre 2023 und 2024 sind Instandhaltungsarbeiten in Kitas, Schulen und Turnhallen /
_cThomas Gutke
260 _c2023
264 _c2023
653 _aStadt Frankfurt (Oder)
653 _aHaushaltsplan 2023 / 2024
773 0 _g34. Jahrgang (2023) Nr. 106, 08.05.2023, S. 11: mit Foto
_tMärkische Oderzeitung
942 _2z
_cA
999 _c372432
_d372432